নবম জাতীয় সংসদ নির্বাচন, ২০০৮: (Record no. 32239)
[ view plain ]
| 000 -LEADER | |
|---|---|
| fixed length control field | 00881nam a22001937a 4500 |
| 003 - CONTROL NUMBER IDENTIFIER | |
| control field | BDDh-ASL |
| 005 - DATE AND TIME OF LATEST TRANSACTION | |
| control field | 20231015031351.0 |
| 008 - FIXED-LENGTH DATA ELEMENTS--GENERAL INFORMATION | |
| fixed length control field | 201121m20082012b ||||| |||| 00| 0 b d |
| 040 ## - CATALOGING SOURCE | |
| Original cataloging agency | BDDh-ASL |
| Transcribing agency | BDDh-ASL |
| 041 ## - LANGUAGE CODE | |
| Language code of text/sound track or separate title | bengali |
| 082 ## - DEWEY DECIMAL CLASSIFICATION NUMBER | |
| Classification number | 324 |
| Item number | NOB |
| 245 10 - TITLE STATEMENT | |
| Title | নবম জাতীয় সংসদ নির্বাচন, ২০০৮: |
| Remainder of title | অংশগ্রহণকারী প্রার্থীদের তথ্যাবলী / |
| 246 ## - VARYING FORM OF TITLE | |
| Title proper/short title | Nobom Jatio Sangsad Nirbachon 2008. |
| 260 ## - PUBLICATION, DISTRIBUTION, ETC. | |
| Place of publication, distribution, etc. | ঢাকা : |
| Name of publisher, distributor, etc. | প্রথমা প্রকাশন, |
| Date of publication, distribution, etc. | ২০০৮। |
| 300 ## - PHYSICAL DESCRIPTION | |
| Extent | ৭০১ পৃষ্ঠা : |
| Dimensions | ২৯ সে. মি. |
| Other physical details | ছবি; |
| 650 #0 - SUBJECT ADDED ENTRY--TOPICAL TERM | |
| Topical term or geographic name entry element | (National Assembly Elections) জাতীয় সংসদ নির্বাচন |
| 9 (RLIN) | 6920 |
| 700 1# - ADDED ENTRY--PERSONAL NAME | |
| Personal name | মজুমদার, বদিউল আলম |
| Titles and other words associated with a name | ড. |
| 9 (RLIN) | 8159 |
| 942 ## - ADDED ENTRY ELEMENTS (KOHA) | |
| Source of classification or shelving scheme | Dewey Decimal Classification |
| Koha item type | Books |
| Withdrawn status | Lost status | Source of classification or shelving scheme | Damaged status | Not for loan | Collection code | Home library | Current library | Shelving location | Date acquired | Source of acquisition | Total Checkouts | Full call number | Barcode | Date last seen | Copy number | Price effective from | Koha item type | Public note |
|---|---|---|---|---|---|---|---|---|---|---|---|---|---|---|---|---|---|---|
| Dewey Decimal Classification | Non-fiction | Asiatic Society Library | Asiatic Society Library | General Stacks | 05/03/2023 | Donated by National Atlas of Bangladesh Project | 324 NOB | 121048 | 05/03/2023 | C-1 | 05/03/2023 | Books | Y-2012 |